Ed Sheeran Trivia - Statistics

General Stats
  • This quiz has been taken 184 times
  • The average score is 4 of 9
Answer Stats
Hint Answer % Correct
What month was he born in? february
88%
What is the name of his third studio album? divide
73%
In which year did he receive his first brit award? 2012
62%
What is his middle name? christopher
55%
Which song on One Directions debut album, did he co write? moments
36%
What is the name of the record label he owns? gingerbread man
31%
Which music legend did he catch the eye of, before he was signed? elton john
26%
Which county was he born in? west yorkshire
17%
What was his first film appearance? shortland street
0%
No matching quizzes found
Score Distribution
Percent of People with Each Score
Percentile by Number Answered
Your Score History
You have not taken this quiz